MrBeast Products - Statistics

General Stats
  • This quiz has been taken 92 times
    89 since last reset
  • The average score is 2 of 5
Answer Stats
Date of creation Answer % Correct
January 29, 2022 Feastables
94%
December 19, 2020 MrBeast Burger
61%
September 16, 2024 Lunchly
58%
Early April, 2023 Karl Gummies
16%
July 1st, 2024 MrBeast Lab Swarms
9%
No matching quizzes found
Score Distribution
Percent of People with Each Score
Percentile by Number Answered
Your Score History
You have not taken this quiz since the last reset